Lineups: UEFA Champions League Final 2023 - Statistics

General Stats
  • This quiz has been taken 109 times
  • The average score is 17 of 24
Answer Stats
Answer % Correct
Manchester City 31(GK) Ederson
98%
Manchester City 9 Erling Haaland
98%
Manchester City 17 Kevin De Bruyne
96%
Manchester City Manager Pep Guardiola
96%
Internazionale 24(GK) André Onana
93%
Manchester City 16 Rodri
91%
Manchester City 3 Rúben Dias
90%
Manchester City 5 John Stones
84%
Manchester City 10 Jack Grealish
83%
Internazionale 10 Lautaro Martínez
81%
Manchester City 6 Nathan Aké
80%
Manchester City 20 Bernardo SIlva
76%
Manchester City 8(C) İlkay Gündoğan
76%
Internazionale 23 Nicolò Barella
74%
Manchester City 25 Manuel Akanji
64%
Internazionale 95 Alessandro Bastoni
57%
Internazionale 2 Denzel Dumfries
52%
Internazionale 32 Federico Dimarco
51%
Internazionale Manager Simone Inzaghi
48%
Internazionale 9 Edin Džeko
42%
Internazionale 20 Hakan Çalhanoğlu
38%
Internazionale 77(C) Marcelo Brozović
38%
Internazionale 36 Matteo Darmian
31%
Internazionale 15 Francesco Acerbi
30%
No matching quizzes found
Score Distribution
Percent of People with Each Score
Percentile by Number Answered
Your Score History
You have not taken this quiz